| 000 | 00740nam a2200193 i 4500 | ||
|---|---|---|---|
| 001 | 40551 | ||
| 003 | ES-MaACL | ||
| 005 | 20250907063040.0 | ||
| 007 | t| | ||
| 008 | 030306s1956 sp ||||1| spa d | ||
| 100 | 1 |
_aCarreras Durán, Buenaventura, _d1886-1971 _935672 |
|
| 245 | 1 | 0 |
_aIntroducción a la oftalmología / _cpor Buenaventura Carreras Durán y Buenaventura Carrera Matas ; con la colaboración de Rafael Bartolozzi Sánchez. |
| 260 |
_aBarcelona, etc. : _bLabor, _c1956 ( _fTalls. Gráfs. Iberoamericanos) |
||
| 300 |
_a227 p. : _bil. ; _c23 cm. |
||
| 700 | 1 |
_aCarrera Matas, Buenaventura. _935640 |
|
| 700 | 1 |
_aBartolozzi Sánchez, Rafael. _926180 |
|
| 852 |
_aES-MaACL _jC-11492 _bR.39503 |
||
| 999 |
_c40551 _d40551 |
||